| 000 | 00773nam a22002657a 4500 | ||
|---|---|---|---|
| 003 | 0 | ||
| 005 | 20180803132409.0 | ||
| 008 | 0 | ||
| 010 | _aB-031079 | ||
| 020 |
_a817000245 _c475.00 |
||
| 035 | _aB-031079,B-031080 | ||
| 037 | _bCen Lib/Ret | ||
| 040 |
_aDPL _bEN _c0 |
||
| 082 |
_a025.52 _bLAH |
||
| 100 |
_aLahiri, Ramansu _9107166 |
||
| 245 |
_aProfessionalism and research in library and information science / _cby Ramansu Lahiri |
||
| 246 | _b | ||
| 260 |
_bEss Ess Publications _c1999 _aNew Delhi |
||
| 270 |
_bNew Delhi _a4837/24, Ansari Road ,Daryaganj _e110002 |
||
| 300 |
_a210p. _c21cm(Hb) |
||
| 500 | _aIncludes index | ||
| 650 |
_aLibrary science _9107167 |
||
| 650 |
_aProfessionalism _92874 |
||
| 942 |
_2ddc _cEN _h025.52 _mLAH |
||
| 999 |
_c122884 _d122884 |
||